| 000 | 01580nam0a2200385 4500 | ||
|---|---|---|---|
| 001 | RU\NLR\bibl\1773005 | ||
| 005 | 20260409072542.0 | ||
| 010 |
_a978-5-373-04058-7 _93000 |
||
| 021 |
_aRU _b2011-32736 _92335 |
||
| 035 | _a(NLR Aleph) 001763783 | ||
| 090 |
_a1594827 _c1594827 |
||
| 100 | _a20110525d2011 |||y0rusy50 ca | ||
| 101 | 0 | _arus | |
| 102 | _aRU | ||
| 105 | _ay ||||||||| | ||
| 200 | 1 |
_aКак убивают Россию _fА. Хинштейн |
|
| 210 |
_aМосква _cОЛМА Медиа Групп _d2011 |
||
| 215 |
_a445, [2] с. _d22 |
||
| 320 | _aБиблиогр.: с. 443-446 | ||
| 325 | _aКопия доступна в Электрон. б-ке РНБ http://vivaldi.nlr.ru/bx000032967/view | ||
| 607 |
_aСССР _xРаспад государства _3RU\NLR\auth\661045557 _91681843 |
||
| 607 |
_aРоссийская Федерация _xМеждународное положение _92275465 _3RU\NLR\auth\661363638 |
||
| 686 | _aТ3(2)74,02 | ||
| 700 | 1 |
_aХинштейн _bА. Е. _gАлександр Евсеевич _4070 |
|
| 801 | 0 |
_aRU _bNLR _c20110525 _gRCR |
|
| 801 | 1 |
_aRU _bNLR _c20110525 |
|
| 830 | _aпо кн | ||
| 942 | _cBOOK | ||
| 980 | _aNB | ||
| 980 | _aNBR | ||
| 981 | 1 | 3 |
_a(13) Документы, защищенные авторским правом _b(13) Современная научная, научно-популярная и популярная литература |